3D Mario Bosses - Statistics

General Stats
  • This quiz has been taken 9 times
  • The average score is 32 of 71
Answer Stats
Level Answer % Correct
****** in the Sky Bowser
86%
******'s Galaxy Reactor Bowser
86%
******'s Galaxy Generator Bowser
86%
W1-Castle, W7-Castle Bowser
86%
Cloud Kingdom Bowser
86%
Bob-Omb Battlefield King Bob-Omb
86%
****** **'s Airship Armada Bowser Jr.
71%
Good Egg Galaxy King Kaliente
71%
Boss Blitz Galaxy King Kaliente
71%
Whomp's Fortress Whomp King
71%
Freezeflame Galaxy Baron Brrr
57%
W2-Tank, W6-Tank Boom Boom
57%
Ghostly Galaxy Bouldergeist
57%
Boss Blitz Galaxy Bouldergeist
57%
Good Egg Galaxy Dino Piranha
57%
Boss Blitz Galaxy Dino Piranha
57%
Melty Molten Galaxy Fiery Dino Piranha
57%
Boss Blitz Galaxy Fiery Dino Piranha
57%
Battlebelt Galaxy Fiery Gobblegut
57%
Bowser Jr's Fiery Flotilla Gobblegut
57%
Sirena Beach King Boo
57%
Bonefin Galaxy Kingfin
57%
Gusty Garden Galaxy Major Burrows
57%
Boss Blitz Galaxy Major Burrows
57%
Puzzle Plank Galaxy Mandibug Stack, Bugaboom
57%
Pinna Park Mecha-Bowser
57%
Toy Time Galaxy Mecha-Bowser
57%
Bowser Jr's Robot Reactor Megaleg
57%
Sky Station Galaxy Peewee Piranha
57%
W3-Train Pom Pom
57%
Throwback Galaxy Whomp King
57%
Big ***'s Haunt Big Boo
43%
Honeyhive Galaxy Bugaboom
43%
W3-B Hisstocrat
43%
Space Junk Galaxy, Deep Dark Galaxy Kamella
43%
Sand Kingdom Knucklotec
43%
Honeyhive Galaxy Mandibug Stack
43%
Metro Kingdom Mechawiggler
43%
Bowser Jr's Fearsome Fleet Megahammer
43%
W8-Castle Meowser
43%
W6-C Motley Bossblob
43%
W6-A Prince Bully
43%
Shiverburn Galaxy Prince Pikante
43%
Space Junk Galaxy Tarantox
43%
Tiny Huge Island Wiggler
43%
Gelato Beach Wiggler
43%
Lethal Lava Land Big Bully
29%
Bowser Jr's Boom Bunker Boomsday Machine
29%
Snowman's Land Chill Bully
29%
Spin-Dig Galaxy Digga-Leg
29%
Shifting Sand Land Eyerok
29%
Ricco Harbor Gooper Blooper
29%
W5-Castle King Ka-thunk
29%
Yoshi Star Galaxy King Lakitu
29%
Cascade Kingdom Madame Broode
29%
Seaside Kingdom Mollusque-Lanceur
29%
Bianco Hills Petey Pirahna
29%
Sirena Beach Phantamanta
29%
Bowser's Kingdom RoboBrood
29%
Boulder Bowl Galaxy Rollodillo
29%
Ruined Kingdom Ruined Dragon
29%
Freezy Flake Galaxy Sorbetti
29%
Battlerock Galaxy Topmaniac
29%
Gold Leaf Galaxy, Toy Time Galaxy Undergrunt Gunner
29%
W4-Castle Boss Brolder
14%
Corona Mountain Bowser and Bowser Jr.
14%
Luncheon Kingdom Cookatiel
14%
Flipsville Glamdozer
14%
Slipsand Galaxy Squizzard
14%
Wooded Kingdom Torkdrift
14%
Noki Bay Eely-Mouth
0%
No matching quizzes found
Score Distribution
Percent of People with Each Score
Percentile by Number Answered
Your Score History
You have not taken this quiz